| 000 | 00347nam a2200133Ia 4500 | ||
|---|---|---|---|
| 008 | 230917s9999||||xx |||||||||||||| ||und|| | ||
| 040 |
_e93124 _aMAIN |
||
| 041 | _aEnglish | ||
| 082 | _a677 K144S | ||
| 100 | _aKar, Prasir | ||
| 245 | 0 | _aSuitability of polypropylene in dilute proportion for tere-viscose suitings | |
| 300 | _a57 p. | ||
| 942 | _cTH | ||
| 999 |
_c50360 _d50360 |
||